Visualizzazione normale
Vista MARC
- Oxa Anna
di Personal Name
Records bibliografici associati: 1
001 - CONTROL NUMBER
- control field: 23780
003 - CONTROL NUMBER IDENTIFIER
- control field: IT-RoPau
005 - DATE AND TIME OF LATEST TRANSACTION
- control field: 20140504121156.0
008 - FIXED-LENGTH DATA ELEMENTS
- fixed length control field: 140504|| aca||aabn | a|a d
040 ## - CATALOGING SOURCE
- Original cataloging agency: IT-RoPau
- Transcribing agency: IT-RoPau
100 ## - HEADING--PERSONAL NAME
- Personal name: Oxa Anna
- Miscellaneous information: Codice interprete SPICS: 11051
- Relator term: Interprete
670 ## - SOURCE DATA FOUND
- Source citation: Work cat.: (IT-RoPau)101379: Cassano Piero 23773, Pensami per te (Lp Cbs 460665 1)